[Event "Leiden op-A 13th"]
[Site "Leiden"]
[Date "2019.07.12"]
[Round "1"]
[White "Happel, Henk"]
[Black "Van der Werf, Mark"]
[Result "0-1"]
[WhiteElo "2016"]
[BlackElo "2394"]
[PlyCount "46"]
[EventDate "2019.07.12"]
[EventType "swiss"]
[EventRounds "9"]
[EventCountry "NED"]
[SourceTitle "EXT 2020"]
[Source "ChessBase"]
[SourceDate "2019.10.17"]
[SourceVersion "1"]
[SourceVersionDate "2019.10.17"]
[SourceQuality "1"]

1. d4 Nf6 2. c4 e6 3. Nc3 Bb4 4. f3 c5 5. d5 d6 6. e4 0-0 7. Bd3 b5 8. Nge2 bxc4 9. Bxc4 exd5 10. Bxd5 Nxd5 11. Qxd5 Be6 12. Qxa8 Qb6 13. 0-0 Nc6 14. Nd5 Bxd5 15. Qxf8+ Kxf8 16. exd5 Ne5 17. Be3 Qb5 18. Ng3 Qd3 19. Bf2 Qxd5 20. Rfd1 Nd3 21. Nf1 c4 22. Ne3 Qe6 23. Nc2 Qe2 0-1

[Event "Leiden LCT op-A 11th"]
[Site "Leiden"]
[Date "2017.07.23"]
[Round "9"]
[White "Kanters, Cor"]
[Black "Happel, Henk"]
[Result "1-0"]
[WhiteElo "1918"]
[BlackElo "2086"]
[PlyCount "87"]
[EventDate "2017.07.14"]
[EventType "swiss"]
[EventRounds "9"]
[EventCountry "NED"]
[SourceTitle "EXT 2018"]
[Source "ChessBase"]
[SourceDate "2017.10.13"]
[SourceVersion "1"]
[SourceVersionDate "2017.10.13"]
[SourceQuality "1"]

1. d4 e6 2. c4 f5 3. g3 Nf6 4. Bg2 d5 5. Nh3 c6 6. 0-0 Bd6 7. Bf4 0-0 8. Bxd6 Qxd6 9. Qc2 b6 10. Rd1 Bb7 11. Nd2 Nbd7 12. Nf3 Rac8 13. Rac1 Ne4 14. Nf4 b5 15. c5 Qe7 16. Nd3 Ng5 17. b4 Nf7 18. a4 Ba6 19. Ra1 Ra8 20. e3 Rfb8 21. Qc3 g5 22. Bf1 g4 23. Nfe5 Ndxe5 24. Nxe5 Nxe5 25. dxe5 Qb7 26. Qd3 Qc7 27. Qd4 Qb7 28. Qf4 Rf8 29. axb5 Bxb5 30. Ra5 Bxf1 31. Rxf1 Qg7 32. Ra6 Qd7 33. Rfa1 Rfb8 34. R1a5 Rb7 35. b5 Rc8 36. b6 axb6 37. cxb6 Qd8 38. Qh6 Qe8 39. Ra7 Rcb8 40. Rxb7 Rxb7 41. Ra7 Qc8 42. Rxb7 Qxb7 43. Qxe6+ Kf8 44. Qxf5+ 1-0

[Event "Leiden op-A 9th"]
[Site "Leiden"]
[Date "2015.07.25"]
[Round "8"]
[White "Dellert, Lena"]
[Black "Happel, Henk"]
[Result "0-1"]
[WhiteElo "1835"]
[BlackElo "2107"]
[PlyCount "78"]
[EventDate "2015.07.17"]
[EventType "swiss"]
[EventRounds "9"]
[EventCountry "NED"]
[SourceTitle "CBM 167 Extra"]
[Source "ChessBase"]
[SourceDate "2015.09.14"]
[SourceVersion "1"]
[SourceVersionDate "2015.09.14"]
[SourceQuality "1"]

1. e4 e6 2. d4 d5 3. Nd2 Nf6 4. e5 Nfd7 5. Bd3 c5 6. c3 b6 7. Ne2 Ba6 8. Bxa6 Nxa6 9. Nf3 Be7 10. 0-0 b5 11. a4 b4 12. dxc5 bxc3 13. c6 Ndc5 14. Nxc3 Nb4 15. Nd4 Rc8 16. Qg4 Kf8 17. c7 Rxc7 18. Ndb5 Nc2 19. Nxc7 Nxa1 20. N7b5 a6 21. Nd4 Qc7 22. f4 Nab3 23. f5 Qxe5 24. Nxb3 Nxb3 25. fxe6 Nxc1 26. exf7 g6 27. Qc8+ Kg7 28. Qxa6 d4 29. Nb5 Qe3+ 30. Kh1 Nd3 31. Nc7 Nf2+ 32. Rxf2 Qxf2 33. Ne6+ Kh6 34. h3 Qe1+ 35. Kh2 Qe5+ 36. Kg1 Bd6 37. f8Q+ Rxf8 38. Nxf8 Qe3+ 39. Kf1 Bg3 0-1

[Event "WchT Seniors 65"]
[Site "Dresden"]
[Date "2015.02.24"]
[Round "1.3"]
[White "Pushkov, Nikolai"]
[Black "Happel, Henk"]
[Result "1/2-1/2"]
[WhiteElo "2299"]
[BlackElo "2104"]
[PlyCount "108"]
[EventDate "2015.02.24"]
[EventType "team-swiss"]
[EventRounds "9"]
[EventCountry "GER"]
[SourceTitle "CBM 165 Extra"]
[Source "ChessBase"]
[SourceDate "2015.04.21"]
[SourceVersion "1"]
[SourceVersionDate "2015.04.21"]
[SourceQuality "1"]
[WhiteTeam "Russia"]
[BlackTeam "Koninklijke DD"]
[WhiteTeamCountry "RUS"]
[BlackTeamCountry "NED"]

1. Nf3 e6 2. c4 d5 3. d4 c6 4. Nbd2 f5 5. g3 Nf6 6. Bg2 Bd6 7. 0-0 0-0 8. b3 Qe7 9. Bb2 Nbd7 10. Ne5 Ne4 11. Qc2 Nxd2 12. Qxd2 Nf6 13. a4 Bd7 14. a5 a6 15. Qc1 Rac8 16. Ba3 Be8 17. Bxd6 Qxd6 18. Qa3 Qxa3 19. Rxa3 Nd7 20. Nd3 g5 21. Rc1 Bh5 22. Ra2 Rce8 23. e3 Bg6 24. f4 h6 25. b4 Re7 26. b5 dxc4 27. bxc6 cxd3 28. cxd7 Rxd7 29. Rd2 Bh5 30. Rxd3 Be2 31. Rdc3 Rff7 32. Kf2 Bb5 33. Rc8+ Kg7 34. R1c5 Kf6 35. Bf3 Rg7 36. Bh5 Bc6 37. Rf8+ Ke7 38. Rh8 gxf4 39. Rxh6 fxg3+ 40. hxg3 Rd5 41. Rxd5 Bxd5 42. Rh8 Kd6 43. Rc8 Rh7 44. Bf3 Rh2+ 45. Kg1 Ra2 46. Bxd5 Kxd5 47. Rc5+ Ke4 48. Re5+ Kf3 49. Rxe6 Kxg3 50. Kf1 Kf3 51. Ke1 f4 52. exf4 Kxf4 53. Re7 Rxa5 54. Rxb7 Ke3 1/2-1/2

[Event "Hessen-ch Seniors op 10th"]
[Site "Bad Sooden-Allendorf"]
[Date "2014.05.04"]
[Round "9"]
[White "Happel, Henk"]
[Black "Montsma, Foppe Jan"]
[Result "1-0"]
[WhiteElo "2147"]
[BlackElo "1859"]
[PlyCount "41"]
[EventDate "2014.04.26"]
[EventType "swiss"]
[EventRounds "9"]
[EventCountry "GER"]
[SourceTitle "EXT 2018"]
[Source "ChessBase"]
[SourceDate "2017.10.13"]
[SourceVersion "1"]
[SourceVersionDate "2017.10.13"]
[SourceQuality "1"]

1. d4 c5 2. d5 f5 3. c4 Nf6 4. Nc3 g6 5. Nf3 Bg7 6. g3 d6 7. Bg2 0-0 8. 0-0 Na6 9. Rb1 Nc7 10. a3 a5 11. Bg5 Qe8 12. a4 h6 13. Bd2 g5 14. h4 Qg6 15. hxg5 Ng4 16. gxh6 Bxh6 17. Nh4 Qf6 18. f4 Qd4+ 19. e3 Qxc4 20. Qc2 b5 21. b3 1-0

[Event "Hessen-ch Seniors op 09th"]
[Site "Bad Sooden-Allendorf"]
[Date "2013.04.26"]
[Round "7"]
[White "Hassenrueck, Helmut"]
[Black "Happel, Henk"]
[Result "1/2-1/2"]
[WhiteElo "2201"]
[BlackElo "2137"]
[PlyCount "129"]
[EventDate "2013.04.20"]
[EventType "swiss"]
[EventRounds "9"]
[EventCountry "GER"]
[SourceTitle "EXT 2019"]
[Source "ChessBase"]
[SourceDate "2018.10.10"]
[SourceVersion "1"]
[SourceVersionDate "2018.10.10"]
[SourceQuality "1"]

1. d4 Nf6 2. Nf3 e6 3. c4 b6 4. g3 Ba6 5. Qa4 Be7 6. Bg2 Bb7 7. 0-0 0-0 8. Nc3 Ne4 9. Nxe4 Bxe4 10. Rd1 c6 11. Ne5 Bxg2 12. Kxg2 a6 13. Qb3 d6 14. Nf3 Nd7 15. e4 Qc8 16. Be3 Qb7 17. h4 c5 18. d5 exd5 19. cxd5 Bf6 20. Bf4 Rfe8 21. Qc2 Ne5 22. Bxe5 Bxe5 23. h5 h6 24. Nh4 Qd7 25. Nf5 Rad8 26. Rh1 Qb5 27. Rab1 Bf6 28. Rhe1 Qd7 29. Re3 b5 30. Rh1 c4 31. Rf3 Bg5 32. Qc3 Re5 33. Qd4 Rde8 34. Qb6 Be7 35. Re1 Bf8 36. Rfe3 Ra8 37. Ra3 Qe8 38. Nxd6 Bxd6 39. Qxd6 Rxe4 40. Rd1 Re2 41. Qf4 b4 42. Rf3 Re4 43. Qd2 a5 44. d6 Qe6 45. a3 Re2 46. Qd4 Re4 47. Qb6 Qd7 48. axb4 axb4 49. Qxb4 Ra7 50. Qc5 Rb7 51. Qd5 Re8 52. Qxc4 Rxb2 53. Qd4 Rb7 54. Rf4 Qc6+ 55. Kh2 Rd7 56. Rg4 f5 57. Rg6 Qf3 58. Qd5+ Qxd5 59. Rxd5 f4 60. gxf4 Re4 61. Kg3 Re1 62. f5 Kf7 63. Kf4 Rh1 64. f6 gxf6 65. Rxh6 1/2-1/2

[Event "Hessen-ch Seniors op 09th"]
[Site "Bad Sooden-Allendorf"]
[Date "2013.04.20"]
[Round "1"]
[White "Mewes, Hans Dieter"]
[Black "Happel, Henk"]
[Result "0-1"]
[WhiteElo "1891"]
[BlackElo "2137"]
[PlyCount "72"]
[EventDate "2013.04.20"]
[EventType "swiss"]
[EventRounds "9"]
[EventCountry "GER"]
[SourceTitle "EXT 2019"]
[Source "ChessBase"]
[SourceDate "2018.10.10"]
[SourceVersion "1"]
[SourceVersionDate "2018.10.10"]
[SourceQuality "1"]

1. d4 Nf6 2. c4 c5 3. d5 e5 4. Nc3 d6 5. e4 Be7 6. Be2 Nbd7 7. Be3 a6 8. h3 Nf8 9. Qd2 Bd7 10. f4 exf4 11. Bxf4 Ng6 12. Bg3 b5 13. Qd3 bxc4 14. Qxc4 0-0 15. Qd3 Bb5 16. Qc2 Qb6 17. a4 Bxe2 18. Qxe2 Rab8 19. Rb1 Rfe8 20. Nf3 Nh5 21. Bf2 Nhf4 22. Qc2 Qb3 23. Kd1 Nxg2 24. Qxb3 Rxb3 25. Kc2 Reb8 26. Nd2 R3b4 27. b3 Ne5 28. Na2 R4b7 29. Nc4 Nxc4 30. bxc4 h5 31. Rxb7 Rxb7 32. Rh2 Bf6 33. Nc3 Nf4 34. Bg3 Be5 35. Rh1 Rb4 36. Bxf4 Bxf4 0-1

[Event "Liberec op 13th"]
[Site "Liberec"]
[Date "2012.10.26"]
[Round "8"]
[White "Happel, Henk"]
[Black "Karlik, Vladimir"]
[Result "1/2-1/2"]
[WhiteElo "2131"]
[BlackElo "2306"]
[PlyCount "57"]
[EventDate "2012.10.20"]
[EventType "swiss"]
[EventRounds "9"]
[EventCountry "CZE"]
[SourceTitle "EXT 2013"]
[Source "ChessBase"]
[SourceDate "2012.11.22"]
[SourceVersion "1"]
[SourceVersionDate "2012.11.22"]
[SourceQuality "1"]

1. d4 d6 2. Nf3 Nf6 3. c4 Bf5 4. Nc3 g6 5. Bg5 Bg7 6. e3 0-0 7. Bd3 Bxd3 8. Qxd3 Nbd7 9. e4 e5 10. d5 Nc5 11. Qc2 a5 12. 0-0 Qd7 13. Bxf6 Bxf6 14. b3 Bg7 15. Rab1 f5 16. Rfe1 Bh6 17. a3 Rf7 18. exf5 Qxf5 19. Ne4 Nxe4 20. Rxe4 g5 21. Qe2 Qd7 22. Nd2 Bg7 23. Rg4 h6 24. Ne4 Rf4 25. h3 Qf5 26. f3 b6 27. Rf1 Qf7 28. g3 Rf5 29. Kg2 1/2-1/2

[Event "Liberec op 13th"]
[Site "Liberec"]
[Date "2012.10.23"]
[Round "4"]
[White "Plischki, Sebastian"]
[Black "Happel, Henk"]
[Result "1-0"]
[WhiteElo "2371"]
[BlackElo "2131"]
[PlyCount "75"]
[EventDate "2012.10.20"]
[EventType "swiss"]
[EventRounds "9"]
[EventCountry "CZE"]
[SourceTitle "EXT 2013"]
[Source "ChessBase"]
[SourceDate "2012.11.22"]
[SourceVersion "1"]
[SourceVersionDate "2012.11.22"]
[SourceQuality "1"]

1. d4 Nf6 2. c4 c5 3. d5 e5 4. Nc3 d6 5. e4 Be7 6. Nf3 Nbd7 7. a3 0-0 8. Be2 Ne8 9. 0-0 g6 10. Bh6 Ng7 11. Qd2 Nf6 12. Ne1 Ng4 13. Bxg4 Bxg4 14. Nd3 Bf6 15. Rae1 Bd7 16. f4 Re8 17. fxe5 Bxe5 18. Nxe5 dxe5 19. Qf2 f5 20. Bxg7 Kxg7 21. Qxc5 Qb6 22. Qxb6 axb6 23. a4 f4 24. b3 g5 25. Nd1 Kf6 26. Nf2 Ke7 27. Nd3 Kd6 28. Kf2 h5 29. g3 Rg8 30. gxf4 gxf4 31. Rg1 Rae8 32. Rxg8 Rxg8 33. a5 Rg4 34. axb6 Rh4 35. c5+ Ke7 36. Nxe5 Rxh2+ 37. Kf3 Rb2 38. Kxf4 1-0

[Event "Forni di Sopra op 3rd"]
[Site "Forni di Sopra"]
[Date "2012.06.18"]
[Round "3"]
[White "Bonfa, Ileano"]
[Black "Happel, Henk"]
[Result "1/2-1/2"]
[WhiteElo "2265"]
[BlackElo "2125"]
[PlyCount "36"]
[EventDate "2012.06.16"]
[EventType "swiss"]
[EventRounds "9"]
[EventCountry "ITA"]
[SourceTitle "CBM 149 Extra"]
[Source "ChessBase"]
[SourceDate "2012.08.24"]
[SourceVersion "1"]
[SourceVersionDate "2012.08.24"]
[SourceQuality "1"]

1. c4 Nf6 2. g3 e6 3. Bg2 d5 4. Nf3 Be7 5. 0-0 0-0 6. b3 c5 7. Bb2 Nc6 8. e3 b6 9. Nc3 Bb7 10. Qe2 dxc4 11. bxc4 Rc8 12. Rac1 a6 13. Rfd1 Qc7 14. d4 cxd4 15. exd4 Na5 16. d5 Qxc4 17. dxe6 Qxe2 18. exf7+ Kxf7 1/2-1/2

[Event "EU-chT Seniors"]
[Site "Rogaska Slatina"]
[Date "2012.04.03"]
[Round "8.14"]
[White "Happel, Henk"]
[Black "Djurkovic, Maks"]
[Result "1/2-1/2"]
[WhiteElo "2129"]
[BlackElo "2130"]
[PlyCount "93"]
[EventDate "2012.03.27"]
[EventType "team-swiss"]
[EventRounds "9"]
[EventCountry "SLO"]
[SourceTitle "CBM 147 Extra"]
[Source "ChessBase"]
[SourceDate "2012.04.24"]
[SourceVersion "1"]
[SourceVersionDate "2012.04.24"]
[SourceQuality "1"]
[WhiteTeam "Discendo Discimus (Seniors)"]
[BlackTeam "Celje Sentjur (Seniors)"]
[WhiteTeamCountry "NED"]
[BlackTeamCountry "SLO"]

1. d4 d6 2. Nf3 Bg4 3. e3 e6 4. Be2 Nd7 5. c4 c6 6. e4 e5 7. Nc3 Be7 8. Be3 Ngf6 9. d5 cxd5 10. cxd5 0-0 11. Nd2 Bxe2 12. Qxe2 a6 13. 0-0 Ne8 14. Rac1 Bg5 15. Nc4 Bxe3 16. Nxe3 g6 17. Rc2 f5 18. f3 f4 19. Ng4 Qb6+ 20. Nf2 Nef6 21. Rfc1 Rfc8 22. Na4 Rxc2 23. Qxc2 Qd4 24. Rd1 Qa7 25. b3 b5 26. Nb2 Ne8 27. Nbd3 a5 28. Qc6 Rb8 29. Rc1 Rb6 30. Qc3 Rb7 31. Qd2 Rc7 32. Kf1 Rxc1+ 33. Qxc1 Qc7 34. Ke2 Qxc1 35. Nxc1 Nc7 36. Nd1 Kf7 37. Nb2 Nc5 38. Ncd3 Nb7 39. Kd2 b4 40. Na4 Nb5 41. Ne1 g5 42. Nc2 h5 43. h3 Kg6 44. Ke2 Kf6 45. Kf2 Kg6 46. Ke2 Kf6 47. Kf2 1/2-1/2

[Event "EU-chT Seniors"]
[Site "Rogaska Slatina"]
[Date "2012.04.02"]
[Round "7.12"]
[White "Happel, Henk"]
[Black "Jorgensen, Arne Bjorn"]
[Result "1/2-1/2"]
[WhiteElo "2129"]
[BlackElo "1991"]
[PlyCount "107"]
[EventDate "2012.03.27"]
[EventType "team-swiss"]
[EventRounds "9"]
[EventCountry "SLO"]
[SourceTitle "CBM 147 Extra"]
[Source "ChessBase"]
[SourceDate "2012.04.24"]
[SourceVersion "1"]
[SourceVersionDate "2012.04.24"]
[SourceQuality "1"]
[WhiteTeam "Discendo Discimus (Seniors)"]
[BlackTeam "Denmark (Seniors) II"]
[WhiteTeamCountry "NED"]
[BlackTeamCountry "DEN"]

1. d4 Nf6 2. c4 c5 3. d5 e5 4. Nc3 d6 5. e4 Be7 6. g3 0-0 7. Bg2 Na6 8. Nge2 Nc7 9. 0-0 Rb8 10. a4 b6 11. Rb1 a6 12. b4 Bd7 13. b5 axb5 14. axb5 Nfe8 15. Qc2 f5 16. exf5 Bxf5 17. Be4 g6 18. f3 Ng7 19. g4 Bd7 20. Ra1 Ra8 21. Rxa8 Nxa8 22. Be3 Bg5 23. Bf2 Qf6 24. Ng3 Bf4 25. Nce2 Nc7 26. Ra1 Ra8 27. Rxa8+ Nxa8 28. Qa4 Qd8 29. Qa7 Bd2 30. Qa2 Ba5 31. Qc2 Nc7 32. Be3 Nce8 33. Nc1 Be1 34. Nd3 Bxg3 35. hxg3 Qa8 36. Nb2 Qa1+ 37. Kg2 Nf6 38. Bd3 e4 39. fxe4 Nxg4 40. Bf4 Nh5 41. Qb1 Qa5 42. Kf3 Nh2+ 43. Ke3 Ng4+ 44. Kf3 Nxf4 45. gxf4 Qd2 46. f5 Ne5+ 47. Kg3 Qe3+ 48. Kg2 Qf3+ 49. Kg1 Qe3+ 50. Kg2 Qd2+ 51. Kg3 Qe3+ 52. Kg2 Qd2+ 53. Kg3 Qe3+ 54. Kg2 1/2-1/2

[Event "EU-chT Seniors"]
[Site "Rogaska Slatina"]
[Date "2012.04.01"]
[Round "6.8"]
[White "Garriga Nualart, Josep"]
[Black "Happel, Henk"]
[Result "1-0"]
[WhiteElo "2319"]
[BlackElo "2129"]
[PlyCount "79"]
[EventDate "2012.03.27"]
[EventType "team-swiss"]
[EventRounds "9"]
[EventCountry "SLO"]
[SourceTitle "CBM 147 Extra"]
[Source "ChessBase"]
[SourceDate "2012.04.24"]
[SourceVersion "1"]
[SourceVersionDate "2012.04.24"]
[SourceQuality "1"]
[WhiteTeam "Catalunya (Seniors)"]
[BlackTeam "Discendo Discimus (Seniors)"]
[WhiteTeamCountry "ESP"]
[BlackTeamCountry "NED"]

1. c4 Nf6 2. Nc3 e6 3. e4 c5 4. e5 Ng8 5. d4 cxd4 6. Qxd4 Nc6 7. Qe4 f5 8. Qe2 Nh6 9. Bxh6 gxh6 10. 0-0-0 Qg5+ 11. Kb1 Bb4 12. Nf3 Qg7 13. Nb5 0-0 14. g3 a6 15. Nd6 b5 16. Qe3 bxc4 17. Bxc4 a5 18. a3 Bxd6 19. Rxd6 Nd8 20. Rhd1 Nf7 21. Rb6 Qg4 22. Rd4 Qg7 23. Bd3 Ra7 24. Rb8 Rc7 25. Ra4 Bb7 26. Rxf8+ Qxf8 27. Rxa5 Qc8 28. Nd4 Ng5 29. Nb5 Rc6 30. Na7 Qc7 31. Nxc6 Qxc6 32. Rc5 Qh1+ 33. Rc1 Qxh2 34. Qb6 Bc6 35. Bb5 Kg7 36. Bxc6 dxc6 37. Rxc6 Qh1+ 38. Rc1 Qe4+ 39. Ka1 Nf3 40. Qxe6 1-0

[Event "EU-chT Seniors"]
[Site "Rogaska Slatina"]
[Date "2012.03.31"]
[Round "5.13"]
[White "Taksrud, Vidar"]
[Black "Happel, Henk"]
[Result "0-1"]
[WhiteElo "2075"]
[BlackElo "2129"]
[PlyCount "104"]
[EventDate "2012.03.27"]
[EventType "team-swiss"]
[EventRounds "9"]
[EventCountry "SLO"]
[SourceTitle "CBM 147 Extra"]
[Source "ChessBase"]
[SourceDate "2012.04.24"]
[SourceVersion "1"]
[SourceVersionDate "2012.04.24"]
[SourceQuality "1"]
[WhiteTeam "Norway (Seniors) II"]
[BlackTeam "Discendo Discimus (Seniors)"]
[WhiteTeamCountry "NOR"]
[BlackTeamCountry "NED"]

1. Nc3 d5 2. e4 e6 3. Nf3 Nf6 4. e5 Nfd7 5. d4 c5 6. Bb5 Nc6 7. 0-0 cxd4 8. Nxd4 Qc7 9. Bf4 Bc5 10. Nf5 0-0 11. Nxg7 Kxg7 12. Bd3 Ndxe5 13. Qh5 f5 14. Rfe1 a6 15. Na4 Bd6 16. Bh6+ Kg8 17. Qg5+ Ng6 18. Bxf8 Bxf8 19. c4 Nce5 20. Be2 dxc4 21. Bh5 b5 22. Nb6 Qxb6 23. Rxe5 Ra7 24. Bxg6 Rg7 25. Bxh7+ Kxh7 26. Qh4+ Kg8 27. Re3 Bb7 28. Rg3 Bd5 29. Rd1 Qb7 30. f3 Qe7 31. Qf4 Qc5+ 32. Kh1 Bd6 33. Rxg7+ Kxg7 34. Qg5+ Kf7 35. Qh5+ Ke7 36. Qh7+ Kd8 37. Qg8+ Kc7 38. Qg5 Qf2 39. Qg7+ Kc6 40. Qd4 Qxd4 41. Rxd4 Be5 42. Rd2 b4 43. h4 c3 44. bxc3 bxc3 45. Rc2 Kc5 46. h5 Kc4 47. h6 Kd3 48. Rf2 c2 49. Rf1 Kd2 50. Rf2+ Kc3 51. Rf1 Kb2 52. f4 Bh8 0-1

[Event "EU-chT Seniors"]
[Site "Rogaska Slatina"]
[Date "2012.03.30"]
[Round "4.10"]
[White "Happel, Henk"]
[Black "Van Oosten, Arend"]
[Result "1/2-1/2"]
[WhiteElo "2129"]
[BlackElo "2186"]
[PlyCount "52"]
[EventDate "2012.03.27"]
[EventType "team-swiss"]
[EventRounds "9"]
[EventCountry "SLO"]
[SourceTitle "CBM 147 Extra"]
[Source "ChessBase"]
[SourceDate "2012.04.24"]
[SourceVersion "1"]
[SourceVersionDate "2012.04.24"]
[SourceQuality "1"]
[WhiteTeam "Discendo Discimus (Seniors)"]
[BlackTeam "Vas (Seniors)"]
[WhiteTeamCountry "NED"]
[BlackTeamCountry "NED"]

1. d4 f5 2. Nf3 Nf6 3. e3 e6 4. Bd3 d5 5. 0-0 Bd6 6. b3 Qe7 7. c4 c6 8. Bb2 0-0 9. Ne5 Bd7 10. Nd2 Be8 11. Qc2 Ne4 12. f3 Nxd2 13. Qxd2 Nd7 14. Nxd7 Bxd7 15. Qe2 e5 16. cxd5 cxd5 17. dxe5 Bxe5 18. Bd4 Rae8 19. Qf2 Bxd4 20. exd4 Qb4 21. Rae1 Qc3 22. Rd1 Re7 23. Qh4 Rfe8 24. Qf4 g6 25. h4 Qa5 26. Rf2 Re1+ 1/2-1/2

[Event "EU-chT Seniors"]
[Site "Rogaska Slatina"]
[Date "2012.03.27"]
[Round "1.20"]
[White "Happel, Henk"]
[Black "Van Herck, Marcel"]
[Result "1-0"]
[WhiteElo "2129"]
[BlackElo "2097"]
[PlyCount "77"]
[EventDate "2012.03.27"]
[EventType "team-swiss"]
[EventRounds "9"]
[EventCountry "SLO"]
[SourceTitle "CBM 147 Extra"]
[Source "ChessBase"]
[SourceDate "2012.04.24"]
[SourceVersion "1"]
[SourceVersionDate "2012.04.24"]
[SourceQuality "1"]
[WhiteTeam "Discendo Discimus (Seniors)"]
[BlackTeam "Belgium (Seniors)"]
[WhiteTeamCountry "NED"]
[BlackTeamCountry "BEL"]

1. d4 Nf6 2. c4 e6 3. Nc3 Bb4 4. Bg5 h6 5. Bh4 c5 6. d5 Bxc3+ 7. bxc3 e5 8. Qc2 d6 9. f3 Nbd7 10. e3 e4 11. f4 Qe7 12. Be2 Rg8 13. Nh3 g5 14. fxg5 Nh7 15. 0-0 hxg5 16. Bg3 Ndf6 17. Rf2 Ng4 18. Bxg4 Bxg4 19. Bxd6 Qxd6 20. Qxe4+ Qe7 21. Qxg4 Nf6 22. Qf5 Ne4 23. Rff1 Nd6 24. Qd3 f5 25. Nf2 0-0-0 26. Rae1 Rh8 27. e4 Qh7 28. Qh3 Qc7 29. Qg3 Nxc4 30. Qxc7+ Kxc7 31. exf5 Rxd5 32. Re7+ Kc6 33. Ne4 Ne3 34. Re6+ Kc7 35. Nf6 Rd6 36. Re1 Nxf5 37. Ne8+ Rxe8 38. Rxe8 Rd3 39. R8e5 1-0

[Event "EU-chT Seniors 12th"]
[Site "Dresden"]
[Date "2010.02.13"]
[Round "4"]
[White "Happel, Henk"]
[Black "Watzka, Horst"]
[Result "1/2-1/2"]
[WhiteElo "2181"]
[BlackElo "2296"]
[PlyCount "30"]
[EventDate "2010.02.10"]
[EventType "team-swiss"]
[EventRounds "9"]
[EventCountry "GER"]
[SourceTitle "CBM 134 Extra"]
[Source "ChessBase"]
[SourceDate "2010.03.03"]
[SourceVersion "1"]
[SourceVersionDate "2010.03.03"]
[SourceQuality "1"]
[WhiteTeam "Den Haag (Seniors)"]
[BlackTeam "Steiermark (Seniors)"]
[WhiteTeamCountry "NED"]
[BlackTeamCountry "AUT"]

1. d4 Nf6 2. c4 d6 3. Nf3 g6 4. Nc3 Bg7 5. e4 0-0 6. Be2 Bg4 7. 0-0 Nfd7 8. Be3 c5 9. d5 Na6 10. Qd2 Nc7 11. h3 Bxf3 12. Bxf3 a6 13. Be2 Rb8 14. a4 b6 15. Rfd1 Ne8 1/2-1/2

[Event "Rohde op 09th"]
[Site "Sautron"]
[Date "2009.10.26"]
[Round "4"]
[White "Gharamian, Tigran"]
[Black "Happel, Henk"]
[Result "1-0"]
[WhiteElo "2611"]
[BlackElo "2174"]
[PlyCount "89"]
[EventDate "2009.10.24"]
[EventType "swiss"]
[EventRounds "9"]
[EventCountry "FRA"]
[SourceTitle "EXT 2010"]
[Source "ChessBase"]
[SourceDate "2010.11.25"]
[SourceVersion "1"]
[SourceVersionDate "2010.11.25"]
[SourceQuality "1"]

1. Nf3 Nf6 2. c4 e6 3. g3 b6 4. Bg2 Bb7 5. 0-0 c5 6. Nc3 Be7 7. Re1 0-0 8. e4 d6 9. d4 cxd4 10. Nxd4 Qc8 11. Be3 Rd8 12. Rc1 Nbd7 13. f4 Nc5 14. Bf2 a6 15. Qe2 Qc7 16. b4 Ncd7 17. Nd5 exd5 18. cxd5 Nc5 19. bxc5 bxc5 20. Nf5 Bf8 21. Bd4 Ne8 22. Ba1 Bc8 23. Nd4 Bd7 24. e5 Qa7 25. Nc6 Bxc6 26. dxc6 d5 27. Bh3 d4 28. Qe4 Nc7 29. Bd7 Rab8 30. f5 Be7 31. f6 Bf8 32. fxg7 Bxg7 33. Rf1 Rf8 34. Bf5 h6 35. Qg4 Nd5 36. Bd3 Ne3 37. Qe4 Rfe8 38. Rf6 Qe7 39. c7 Rbc8 40. Rc6 f5 41. exf6 Qxe4 42. Bxe4 Rxe4 43. fxg7 c4 44. Rd6 Kxg7 45. Rxd4 1-0

[Event "EU-chT Seniors 11th"]
[Site "Velden"]
[Date "2009.04.10"]
[Round "6"]
[White "Boehnisch, Manfred"]
[Black "Happel, Henk"]
[Result "1-0"]
[WhiteElo "2374"]
[BlackElo "2177"]
[PlyCount "120"]
[EventDate "2009.04.05"]
[EventType "team-swiss"]
[EventRounds "9"]
[EventCountry "AUT"]
[SourceTitle "CBM 129 Extra"]
[Source "ChessBase"]
[SourceDate "2009.05.05"]
[SourceVersion "2"]
[SourceVersionDate "2009.05.20"]
[SourceQuality "1"]

1. e4 e6 2. d4 d5 3. Nc3 Nf6 4. Bg5 Bb4 5. e5 h6 6. Bd2 Bxc3 7. bxc3 Ne4 8. Qg4 Kf8 9. h4 c5 10. Qf4 Nc6 11. dxc5 Qa5 12. Rh3 Nxd2 13. Kxd2 Bd7 14. Rb1 Rb8 15. Rf3 Nd8 16. Qb4 Nc6 17. Qf4 Nd8 18. Qb4 Nc6 19. Qxa5 Nxa5 20. c4 Nxc4+ 21. Bxc4 dxc4 22. Ra3 Bc6 23. Rxa7 Ke7 24. Kc3 Rhd8 25. Ne2 Ra8 26. Rxa8 Rxa8 27. Nd4 Bd5 28. Rb2 Ra5 29. Kb4 Ra8 30. g3 f6 31. f4 g5 32. hxg5 hxg5 33. a4 fxe5 34. fxe5 Rh8 35. a5 Kd7 36. Rb1 Rh2 37. Rf1 Rd2 38. c6+ Bxc6 39. Kc5 Bd5 40. Rf7+ Ke8 41. Rg7 Rd1 42. Rxg5 Ra1 43. Kb6 Rb1+ 44. Kc7 Ra1 45. Kd6 Kf7 46. Nf5 exf5 47. Rxf5+ Kg6 48. Rf6+ Kg7 49. Kxd5 Rxa5+ 50. Ke4 b5 51. Rb6 Kf7 52. c3 Ra3 53. Kd4 Rb3 54. g4 Rb1 55. g5 Rd1+ 56. Kc5 Re1 57. Rxb5 Kg6 58. Kxc4 Kxg5 59. Kd5 Kf5 60. Kd6 Rd1+ 1-0

[Event "EU-chT Seniors 11th"]
[Site "Velden"]
[Date "2009.04.07"]
[Round "3"]
[White "Happel, Henk"]
[Black "Niebuhr, Gerd"]
[Result "1/2-1/2"]
[WhiteElo "2177"]
[BlackElo "2048"]
[PlyCount "80"]
[EventDate "2009.04.05"]
[EventType "team-swiss"]
[EventRounds "9"]
[EventCountry "AUT"]
[SourceTitle "CBM 129 Extra"]
[Source "ChessBase"]
[SourceDate "2009.05.05"]
[SourceVersion "2"]
[SourceVersionDate "2009.05.20"]
[SourceQuality "1"]

1. d4 Nf6 2. c4 e6 3. Nc3 Bb4 4. Bg5 c5 5. d5 exd5 6. cxd5 d6 7. f3 Nbd7 8. e4 0-0 9. Nh3 h6 10. Be3 Re8 11. a3 Bxc3+ 12. bxc3 Qa5 13. Bd2 c4 14. Bxc4 Nxd5 15. Qb3 N7b6 16. Bb5 Bxh3 17. c4 Qxb5 18. Qxb5 Nc7 19. Qxe8+ Rxe8 20. gxh3 Nxc4 21. Rc1 b5 22. Rg1 Kh7 23. a4 a6 24. axb5 axb5 25. Bc3 Ne6 26. Kf2 Ne5 27. Rb1 Rc8 28. Bxe5 dxe5 29. Rgc1 Rb8 30. Rb4 g5 31. Kg3 Nd4 32. Rc5 f6 33. Rd5 Kg6 34. Rd7 Rc8 35. Rdxd4 exd4 36. Rxb5 Rd8 37. Rb2 d3 38. Rd2 f5 39. h4 Rd4 40. hxg5 hxg5 1/2-1/2